[Event "European Chess Club Cup 2023"]
[Site "Durres, Albania"]
[Date "2023.10.05"]
[Round "5.11"]
[White "Hansen, Eric"]
[Black "Anton Guijarro, David"]
[Result "1/2-1/2"]
[TimeControl "90' + 30' & 30\""]
[WhiteElo "2609"]
[BlackElo "2653"]

1. e4 {[%clk 01:25:19]} {[%emt 00:05:41]} c6 {[%clk 01:30:44]} {[%emt
00:00:16]} 2. Nf3 {[%clk 01:23:56]} {[%emt 00:01:53]} d5 {[%clk 01:30:44]}
{[%emt 00:00:30]} 3. d3 {[%clk 01:24:12]} {[%emt 00:00:14]} Qc7 {[%clk
01:24:06]} {[%emt 00:07:07]} 4. exd5 {[%clk 01:17:57]} {[%emt 00:06:45]} cxd5
{[%clk 01:24:27]} {[%emt 00:00:10]} 5. c4 {[%clk 01:17:14]} {[%emt 00:01:12]}
Nf6 {[%clk 01:24:38]} {[%emt 00:00:19]} 6. Nc3 {[%clk 01:15:02]} {[%emt
00:02:43]} e6 {[%clk 01:24:53]} {[%emt 00:00:15]} 7. Be2 {[%clk 00:56:25]}
{[%emt 00:19:07]} Nc6 {[%clk 01:01:05]} {[%emt 00:24:18]} 8. O-O {[%clk
00:50:57]} {[%emt 00:05:57]} Be7 {[%clk 01:00:51]} {[%emt 00:00:45]} 9. Nb5
{[%clk 00:26:53]} {[%emt 00:24:35]} Qd8 {[%clk 00:57:57]} {[%emt 00:03:23]} 10.
Bf4 {[%clk 00:26:48]} {[%emt 00:00:35]} O-O {[%clk 00:57:35]} {[%emt 00:00:52]}
11. Bc7 {[%clk 00:25:36]} {[%emt 00:01:42]} Qe8 {[%clk 00:46:06]} {[%emt
00:11:59]} 12. Bg3 {[%clk 00:12:27]} {[%emt 00:13:39]} Qd8 {[%clk 00:45:50]}
{[%emt 00:00:47]} 13. Nc7 {[%clk 00:09:15]} {[%emt 00:03:41]} Rb8 {[%clk
00:45:44]} {[%emt 00:00:37]} 14. Nb5 {[%clk 00:09:40]} {[%emt 00:00:05]} Ra8
{[%clk 00:46:01]} {[%emt 00:00:13]} 15. Nc7 {[%clk 00:04:59]} {[%emt 00:05:10]}
Rb8 {[%clk 00:46:24]} {[%emt 00:00:07]} 16. Nb5 {[%clk 00:03:06]} {[%emt
00:02:23]} Ra8 {[%clk 00:46:49]} {[%emt 00:00:05]} 17. Nc7 {[%clk 00:02:45]}
{[%emt 00:00:51]} Rb8 {[%emt 00:00:56]} 1/2-1/2

[Event "European Chess Club Cup 2023"]
[Site "Durres, Albania"]
[Date "2023.10.05"]
[Round "5.12"]
[White "Ragger, Markus"]
[Black "Urkedal, Frode Olav Olsen"]
[Result "1/2-1/2"]
[TimeControl "90' + 30' & 30\""]
[WhiteElo "2615"]
[BlackElo "2519"]

1. d4 {[%clk 01:30:58]} {[%emt 00:00:01]} Nf6 {[%clk 01:26:25]} {[%emt
00:04:25]} 2. c4 {[%clk 01:31:25]} {[%emt 00:00:12]} e6 {[%clk 01:26:50]}
{[%emt 00:00:06]} 3. Nf3 {[%clk 01:31:52]} {[%emt 00:00:03]} d5 {[%clk
01:27:15]} {[%emt 00:00:05]} 4. g3 {[%clk 01:32:18]} {[%emt 00:00:05]} Bb4+
{[%clk 01:27:26]} {[%emt 00:00:17]} 5. Bd2 {[%clk 01:32:46]} {[%emt 00:00:03]}
Be7 {[%clk 01:27:49]} {[%emt 00:00:07]} 6. Bg2 {[%clk 01:33:12]} {[%emt
00:00:04]} c6 {[%clk 01:27:57]} {[%emt 00:00:22]} 7. Qc2 {[%clk 01:32:45]}
{[%emt 00:00:57]} Nbd7 {[%clk 01:28:17]} {[%emt 00:00:10]} 8. O-O {[%clk
01:33:04]} {[%emt 00:00:11]} O-O {[%clk 01:28:36]} {[%emt 00:00:11]} 9. Bf4
{[%clk 01:33:31]} {[%emt 00:00:04]} b6 {[%clk 01:28:08]} {[%emt 00:00:57]} 10.
Nbd2 {[%clk 01:33:34]} {[%emt 00:00:28]} Nh5 {[%clk 01:26:45]} {[%emt
00:01:53]} 11. e3 {[%clk 01:27:27]} {[%emt 00:06:37]} Bb7 {[%clk 01:25:09]}
{[%emt 00:02:04]} 12. cxd5 {[%clk 01:24:53]} {[%emt 00:03:05]} Nxf4 {[%clk
01:23:22]} {[%emt 00:02:18]} 13. exf4 {[%clk 01:17:51]} {[%emt 00:07:31]} cxd5
{[%clk 01:18:23]} {[%emt 00:05:29]} 14. Rfc1 {[%clk 01:01:36]} {[%emt
00:16:45]} Rc8 {[%clk 01:15:01]} {[%emt 00:03:51]} 15. Qa4 {[%clk 01:01:13]}
{[%emt 00:00:54]} a6 {[%clk 01:11:45]} {[%emt 00:03:47]} 16. Bf1 {[%clk
01:01:34]} {[%emt 00:00:09]} b5 {[%clk 01:10:10]} {[%emt 00:02:04]} 17. Qd1
{[%clk 01:00:16]} {[%emt 00:01:47]} Qb6 {[%clk 01:07:42]} {[%emt 00:02:58]} 18.
Bd3 {[%clk 00:51:26]} {[%emt 00:09:21]} g6 {[%clk 01:01:59]} {[%emt 00:06:14]}
19. Qe2 {[%clk 00:48:49]} {[%emt 00:03:06]} Rxc1+ {[%clk 00:57:49]} {[%emt
00:04:40]} 20. Rxc1 {[%clk 00:47:46]} {[%emt 00:01:33]} Rc8 {[%clk 00:58:12]}
{[%emt 00:00:07]} 21. Rxc8+ {[%clk 00:42:58]} {[%emt 00:05:18]} Bxc8 {[%clk
00:58:34]} {[%emt 00:00:07]} 22. Nb3 {[%clk 00:42:22]} {[%emt 00:01:07]} b4
{[%clk 00:54:17]} {[%emt 00:04:47]} 23. f5 {[%clk 00:34:04]} {[%emt 00:08:49]}
Bf6 {[%clk 00:48:04]} {[%emt 00:06:42]} 24. Qc2 {[%clk 00:31:36]} {[%emt
00:02:57]} Bb7 {[%clk 00:44:09]} {[%emt 00:04:26]} 25. fxg6 {[%clk 00:30:21]}
{[%emt 00:01:46]} hxg6 {[%clk 00:44:31]} {[%emt 00:00:07]} 26. Bxg6 {[%clk
00:30:15]} {[%emt 00:00:37]} fxg6 {[%clk 00:44:56]} {[%emt 00:00:05]} 27. Qxg6+
{[%clk 00:30:34]} {[%emt 00:00:10]} Bg7 {[%clk 00:45:05]} {[%emt 00:00:22]} 28.
Ng5 {[%clk 00:26:38]} {[%emt 00:04:26]} Nf8 {[%clk 00:45:20]} {[%emt 00:00:14]}
29. Qf7+ {[%clk 00:22:38]} {[%emt 00:04:30]} Kh8 {[%clk 00:44:40]} {[%emt
00:01:10]} 30. Qh5+ {[%clk 00:22:52]} {[%emt 00:00:17]} Kg8 {[%clk 00:45:04]}
{[%emt 00:00:06]} 31. Qf7+ {[%clk 00:22:19]} {[%emt 00:01:03]} Kh8 {[%clk
00:45:27]} {[%emt 00:00:06]} 32. Nc5 {[%clk 00:22:10]} {[%emt 00:00:40]} Bc8
{[%clk 00:45:20]} {[%emt 00:00:35]} 33. Qh5+ {[%clk 00:12:41]} {[%emt
00:10:00]} Kg8 {[%clk 00:45:38]} {[%emt 00:00:12]} 34. Qf7+ {[%clk 00:11:32]}
{[%emt 00:01:39]} Kh8 {[%clk 00:46:02]} {[%emt 00:00:07]} 35. Qh5+ {[%clk
00:03:45]} {[%emt 00:08:17]} Kg8 {[%clk 00:46:24]} {[%emt 00:00:08]} 36. Qf7+
{[%clk 00:04:12]} {[%emt 00:00:03]} 1/2-1/2

[Event "European Chess Club Cup 2023"]
[Site "Durres, Albania"]
[Date "2023.10.05"]
[Round "5.13"]
[White "Dardha, Daniel"]
[Black "Mamedyarov, Shakhriyar"]
[Result "0-1"]
[TimeControl "90' + 30' & 30\""]
[WhiteElo "2580"]
[BlackElo "2734"]

1. d4 {[%clk 01:30:56]} {[%emt 00:00:04]} Nf6 {[%clk 01:30:21]} {[%emt
00:00:39]} 2. c4 {[%clk 01:31:10]} {[%emt 00:00:16]} g6 {[%clk 01:30:40]}
{[%emt 00:00:11]} 3. h4 {[%clk 01:30:52]} {[%emt 00:00:48]} Bg7 {[%clk
01:30:59]} {[%emt 00:00:11]} 4. Nc3 {[%clk 01:31:14]} {[%emt 00:00:08]} Nc6
{[%clk 01:31:24]} {[%emt 00:00:05]} 5. Nf3 {[%clk 01:23:02]} {[%emt 00:08:42]}
O-O {[%clk 01:30:15]} {[%emt 00:01:39]} 6. d5 {[%clk 01:19:47]} {[%emt
00:03:46]} Nb4 {[%clk 01:30:37]} {[%emt 00:00:07]} 7. g3 {[%clk 01:08:26]}
{[%emt 00:11:51]} e6 {[%clk 01:27:02]} {[%emt 00:04:05]} 8. a3 {[%clk
01:05:22]} {[%emt 00:03:35]} Na6 {[%clk 01:27:27]} {[%emt 00:00:05]} 9. Bg2
{[%clk 01:05:24]} {[%emt 00:00:27]} exd5 {[%clk 01:25:49]} {[%emt 00:02:08]} 10.
cxd5 {[%clk 01:02:59]} {[%emt 00:02:55]} Re8 {[%clk 01:22:54]} {[%emt
00:03:25]} 11. O-O {[%clk 00:59:47]} {[%emt 00:03:42]} Nc5 {[%clk 01:20:05]}
{[%emt 00:03:19]} 12. d6 {[%clk 00:47:50]} {[%emt 00:12:27]} c6 {[%clk
01:19:31]} {[%emt 00:01:04]} 13. Nd2 {[%clk 00:42:38]} {[%emt 00:05:42]} a5
{[%clk 01:17:40]} {[%emt 00:02:21]} 14. b3 {[%clk 00:38:55]} {[%emt 00:04:13]}
Re6 {[%clk 01:13:34]} {[%emt 00:04:36]} 15. Qc2 {[%clk 00:34:26]} {[%emt
00:04:59]} Rxd6 {[%clk 01:12:00]} {[%emt 00:02:04]} 16. Nc4 {[%clk 00:31:17]}
{[%emt 00:03:39]} Re6 {[%clk 01:12:16]} {[%emt 00:00:14]} 17. Be3 {[%clk
00:31:31]} {[%emt 00:00:16]} Bf8 {[%clk 01:06:51]} {[%emt 00:05:55]} 18. Bh3
{[%clk 00:27:23]} {[%emt 00:04:38]} Re8 {[%clk 01:04:54]} {[%emt 00:02:26]} 19.
b4 {[%clk 00:22:07]} {[%emt 00:05:47]} d5 {[%clk 01:04:33]} {[%emt 00:00:51]}
20. Bxc8 {[%clk 00:21:45]} {[%emt 00:00:52]} Qxc8 {[%clk 01:04:57]} {[%emt
00:00:06]} 21. Bxc5 {[%clk 00:18:20]} {[%emt 00:03:56]} Qh3 {[%clk 01:00:08]}
{[%emt 00:05:18]} 22. Nd2 {[%clk 00:14:07]} {[%emt 00:04:43]} Bxc5 {[%clk
01:00:27]} {[%emt 00:00:10]} 23. bxc5 {[%clk 00:14:24]} {[%emt 00:00:13]} Ng4
{[%clk 01:00:55]} {[%emt 00:00:02]} 24. Nf3 {[%clk 00:14:40]} {[%emt 00:00:14]}
Re3 {[%clk 01:01:23]} {[%emt 00:00:02]} 25. Rfe1 {[%clk 00:08:50]} {[%emt
00:06:20]} Rae8 {[%clk 01:01:48]} {[%emt 00:00:06]} 26. Qd3 {[%clk 00:08:25]}
{[%emt 00:00:55]} Rxd3 {[%clk 01:02:09]} {[%emt 00:00:09]} 27. exd3 {[%clk
00:08:52]} {[%emt 00:00:03]} Re3 {[%clk 01:02:36]} {[%emt 00:00:02]} 0-1

[Event "European Chess Club Cup 2023"]
[Site "Durres, Albania"]
[Date "2023.10.05"]
[Round "5.14"]
[White "Amin, Bassem"]
[Black "Lagarde, Maxime"]
[Result "1/2-1/2"]
[TimeControl "90' + 30' & 30\""]
[WhiteElo "2680"]
[BlackElo "2626"]

1. Nf3 {[%clk 01:30:09]} {[%emt 00:00:50]} c5 {[%clk 01:30:49]} {[%emt
00:00:12]} 2. g3 {[%clk 01:29:16]} {[%emt 00:01:23]} Nf6 {[%clk 01:31:07]}
{[%emt 00:00:13]} 3. Bg2 {[%clk 01:29:39]} {[%emt 00:00:07]} Nc6 {[%clk
01:31:27]} {[%emt 00:00:09]} 4. O-O {[%clk 01:30:01]} {[%emt 00:00:08]} e5
{[%emt 00:00:29]} 5. e4 {[%clk 01:30:22]} Be7 {[%clk 01:31:41]} {[%emt
00:00:26]} 6. c3 {[%clk 01:28:51]} {[%emt 00:02:01]} d6 {[%clk 01:28:53]}
{[%emt 00:03:18]} 7. d4 {[%clk 01:28:36]} {[%emt 00:00:45]} cxd4 {[%clk
01:29:16]} {[%emt 00:00:07]} 8. cxd4 {[%clk 01:29:01]} {[%emt 00:00:06]} Bg4
{[%clk 01:29:39]} {[%emt 00:00:07]} 9. d5 {[%clk 01:25:30]} {[%emt 00:04:00]}
Nd4 {[%clk 01:30:04]} {[%emt 00:00:05]} 10. Be3 {[%clk 01:24:44]} {[%emt
00:01:15]} Nxf3+ {[%clk 01:29:34]} {[%emt 00:01:02]} 11. Bxf3 {[%clk 01:25:07]}
{[%emt 00:00:07]} h5 {[%clk 01:28:46]} {[%emt 00:01:18]} 12. Nc3 {[%clk
01:24:16]} {[%emt 00:01:20]} Qd7 {[%clk 01:20:19]} {[%emt 00:08:56]} 13. Be2
{[%clk 01:08:32]} {[%emt 00:16:15]} Bxe2 {[%clk 01:20:39]} {[%emt 00:00:10]} 14.
Qxe2 {[%clk 01:08:59]} {[%emt 00:00:03]} h4 {[%clk 01:17:39]} {[%emt 00:03:31]}
15. f3 {[%clk 01:02:38]} {[%emt 00:06:50]} hxg3 {[%clk 01:17:07]} {[%emt
00:01:02]} 16. hxg3 {[%clk 01:03:06]} {[%emt 00:00:02]} a6 {[%clk 01:15:14]}
{[%emt 00:02:23]} 17. g4 {[%clk 00:59:01]} {[%emt 00:04:36]} Nh7 {[%clk
01:12:00]} {[%emt 00:03:44]} 18. Kg2 {[%clk 00:55:49]} {[%emt 00:03:42]} Nf8
{[%clk 01:10:58]} {[%emt 00:01:32]} 19. Rh1 {[%clk 00:45:30]} {[%emt 00:10:48]}
Rxh1 {[%clk 01:11:14]} {[%emt 00:00:14]} 20. Rxh1 {[%clk 00:45:59]} {[%emt
00:00:01]} Ng6 {[%clk 01:11:09]} {[%emt 00:00:35]} 21. Qd2 {[%clk 00:44:36]}
{[%emt 00:01:53]} Rc8 {[%clk 01:05:51]} {[%emt 00:05:48]} 22. Ne2 {[%clk
00:35:31]} {[%emt 00:09:36]} Bh4 {[%clk 01:04:37]} {[%emt 00:01:44]} 23. b3
{[%clk 00:32:28]} {[%emt 00:03:32]} f6 {[%clk 00:58:33]} {[%emt 00:06:34]} 24.
Ng3 {[%clk 00:21:37]} {[%emt 00:11:21]} Bxg3 {[%clk 00:57:50]} {[%emt
00:01:13]} 25. Kxg3 {[%clk 00:22:00]} {[%emt 00:00:08]} Kf7 {[%clk 00:56:26]}
{[%emt 00:01:53]} 26. Qb4 {[%clk 00:20:14]} {[%emt 00:02:16]} Rc2 {[%clk
00:53:34]} {[%emt 00:03:22]} 27. Rc1 {[%clk 00:18:41]} {[%emt 00:02:03]} Rxc1
{[%clk 00:51:50]} {[%emt 00:02:14]} 28. Bxc1 {[%clk 00:19:10]} {[%emt
00:00:02]} Qc7 {[%clk 00:42:39]} {[%emt 00:09:40]} 29. Be3 {[%clk 00:19:26]}
{[%emt 00:00:14]} Nf4 {[%clk 00:40:44]} {[%emt 00:02:26]} 30. Bxf4 {[%clk
00:15:40]} {[%emt 00:04:16]} exf4+ {[%clk 00:41:10]} {[%emt 00:00:04]} 31. Kxf4
{[%clk 00:15:38]} {[%emt 00:00:32]} Qc1+ {[%clk 00:41:31]} {[%emt 00:00:08]} 32.
Kg3 {[%clk 00:16:01]} {[%emt 00:00:07]} Qg1+ {[%clk 00:41:56]} {[%emt
00:00:05]} 33. Kh3 {[%clk 00:16:08]} {[%emt 00:00:23]} Qh1+ {[%clk 00:41:46]}
{[%emt 00:00:09]} 1/2-1/2

[Event "European Chess Club Cup 2023"]
[Site "Durres, Albania"]
[Date "2023.10.05"]
[Round "5.15"]
[White "Droin, Augustin"]
[Black "Korobov, Anton"]
[Result "0-1"]
[TimeControl "90' + 30' & 30\""]
[WhiteElo "2468"]
[BlackElo "2658"]

1. e4 {[%clk 01:30:56]} {[%emt 00:00:03]} c5 {[%clk 01:30:52]} {[%emt
00:00:08]} 2. Nf3 {[%clk 01:31:23]} {[%emt 00:00:04]} e6 {[%clk 01:31:12]}
{[%emt 00:00:09]} 3. d4 {[%clk 01:31:49]} {[%emt 00:00:05]} cxd4 {[%clk
01:31:35]} {[%emt 00:00:05]} 4. Nxd4 {[%clk 01:32:16]} {[%emt 00:00:04]} Nc6
{[%clk 01:31:56]} {[%emt 00:00:10]} 5. Nc3 {[%clk 01:32:42]} {[%emt 00:00:04]}
Qc7 {[%clk 01:32:17]} {[%emt 00:00:08]} 6. Be3 {[%clk 01:32:51]} {[%emt
00:00:21]} a6 {[%clk 01:32:17]} {[%emt 00:00:30]} 7. a3 {[%clk 01:32:55]}
{[%emt 00:00:26]} Be7 {[%clk 01:31:53]} {[%emt 00:00:54]} 8. f4 {[%clk
01:29:00]} {[%emt 00:04:25]} d6 {[%clk 01:25:48]} {[%emt 00:06:34]} 9. Be2
{[%clk 01:24:40]} {[%emt 00:04:51]} Nf6 {[%clk 01:24:55]} {[%emt 00:01:23]} 10.
O-O {[%clk 01:22:37]} {[%emt 00:02:33]} O-O {[%clk 01:22:47]} {[%emt 00:02:38]}
11. g4 {[%clk 01:21:20]} {[%emt 00:01:47]} Nxd4 {[%clk 01:20:02]} {[%emt
00:03:15]} 12. Bxd4 {[%clk 01:20:57]} {[%emt 00:00:53]} e5 {[%clk 01:20:25]}
{[%emt 00:00:06]} 13. Be3 {[%clk 01:20:00]} {[%emt 00:01:28]} exf4 {[%clk
01:20:30]} {[%emt 00:00:25]} 14. Bxf4 {[%clk 01:16:39]} {[%emt 00:03:51]} Be6
{[%clk 01:18:11]} {[%emt 00:02:49]} 15. g5 {[%clk 01:15:52]} {[%emt 00:01:17]}
Nd7 {[%clk 01:17:08]} {[%emt 00:01:32]} 16. Kh1 {[%clk 01:11:44]} {[%emt
00:04:39]} Rac8 {[%clk 01:12:03]} {[%emt 00:05:35]} 17. Qd4 {[%clk 00:59:25]}
{[%emt 00:12:49]} Ne5 {[%clk 00:55:53]} {[%emt 00:16:41]} 18. Rac1 {[%clk
00:58:25]} {[%emt 00:01:30]} Qd8 {[%clk 00:50:30]} {[%emt 00:05:52]} 19. h4
{[%clk 00:55:11]} {[%emt 00:03:44]} Rc7 {[%clk 00:40:18]} {[%emt 00:10:42]} 20.
Rfd1 {[%clk 00:51:19]} {[%emt 00:04:22]} Qc8 {[%clk 00:37:44]} {[%emt
00:03:04]} 21. Qe3 {[%clk 00:45:19]} {[%emt 00:06:30]} f6 {[%clk 00:33:03]}
{[%emt 00:05:11]} 22. Rf1 {[%clk 00:38:24]} {[%emt 00:07:26]} fxg5 {[%clk
00:30:59]} {[%emt 00:02:34]} 23. Bxg5 {[%clk 00:38:33]} {[%emt 00:00:21]} Bxg5
{[%clk 00:29:48]} {[%emt 00:01:40]} 24. Qxg5 {[%clk 00:38:38]} {[%emt
00:00:25]} h6 {[%clk 00:28:51]} {[%emt 00:01:27]} 25. Qg3 {[%clk 00:38:38]}
{[%emt 00:00:30]} Rcf7 {[%clk 00:27:28]} {[%emt 00:01:53]} 26. Rxf7 {[%clk
00:33:24]} {[%emt 00:05:44]} Rxf7 {[%clk 00:27:21]} {[%emt 00:00:37]} 27. Rf1
{[%clk 00:33:31]} {[%emt 00:00:23]} Rxf1+ {[%clk 00:26:44]} {[%emt 00:01:07]}
28. Bxf1 {[%clk 00:32:40]} {[%emt 00:01:21]} Qc5 {[%clk 00:27:09]} {[%emt
00:00:06]} 29. Be2 {[%clk 00:23:32]} {[%emt 00:09:37]} Qb6 {[%clk 00:24:41]}
{[%emt 00:02:58]} 30. Nd1 {[%clk 00:23:14]} {[%emt 00:00:48]} Bf7 {[%clk
00:17:32]} {[%emt 00:07:39]} 31. Qe3 {[%clk 00:21:03]} {[%emt 00:02:42]} Qd8
{[%clk 00:16:13]} {[%emt 00:01:48]} 32. Qf2 {[%clk 00:18:49]} {[%emt 00:02:44]}
Ng6 {[%clk 00:15:32]} {[%emt 00:01:10]} 33. h5 {[%clk 00:18:45]} {[%emt
00:00:35]} Ne5 {[%clk 00:15:55]} {[%emt 00:00:06]} 34. Qg3 {[%clk 00:17:38]}
{[%emt 00:01:38]} Qe8 {[%clk 00:12:58]} {[%emt 00:03:26]} 35. Ne3 {[%clk
00:09:12]} {[%emt 00:08:57]} Bxh5 {[%clk 00:09:52]} {[%emt 00:03:35]} 36. Nf5
{[%clk 00:09:38]} {[%emt 00:00:04]} Bg6 {[%clk 00:10:15]} {[%emt 00:00:07]} 37.
Nxd6 {[%clk 00:08:01]} {[%emt 00:02:09]} Qe7 {[%clk 00:08:31]} {[%emt
00:02:13]} 38. Nf5 {[%clk 00:08:19]} {[%emt 00:00:13]} Qe6 {[%clk 00:07:30]}
{[%emt 00:01:30]} 39. Qf4 {[%clk 00:07:17]} {[%emt 00:01:32]} Kh7 {[%clk
00:07:30]} {[%emt 00:00:30]} 40. b4 {[%clk 00:05:07]} {[%emt 00:02:40]} b5
{[%clk 00:04:58]} {[%emt 00:03:02]} 41. Kg2 {[%clk 00:02:41]} {[%emt 00:02:56]}
Nc4 {[%clk 00:02:35]} {[%emt 00:02:53]} 42. Bd3 {[%clk 00:01:29]} {[%emt
00:01:43]} Ne5 {[%clk 00:26:51]} {[%emt 00:06:14]} 43. Be2 {[%clk 00:30:23]}
{[%emt 00:01:35]} Qf6 {[%clk 00:26:32]} {[%emt 00:00:48]} 44. Kg3 {[%clk
00:28:39]} {[%emt 00:02:15]} Bf7 {[%clk 00:20:48]} {[%emt 00:06:14]} 45. Ne3
{[%clk 00:26:06]} {[%emt 00:03:03]} Qe7 {[%clk 00:18:15]} {[%emt 00:03:08]} 46.
Bd3 {[%clk 00:20:00]} {[%emt 00:06:31]} g5 {[%clk 00:15:54]} {[%emt 00:02:50]}
47. Qf5+ {[%clk 00:16:26]} {[%emt 00:04:05]} Bg6 {[%clk 00:16:17]} {[%emt
00:00:06]} 48. Qf1 {[%clk 00:15:46]} {[%emt 00:01:11]} Qd6 {[%clk 00:14:46]}
{[%emt 00:02:01]} 49. Kg2 {[%clk 00:15:48]} {[%emt 00:00:29]} h5 {[%clk
00:14:42]} {[%emt 00:00:33]} 50. Nf5 {[%clk 00:14:35]} {[%emt 00:01:43]} Bxf5
{[%clk 00:14:30]} {[%emt 00:00:42]} 51. Qxf5+ {[%clk 00:14:59]} {[%emt
00:00:06]} Kh6 {[%clk 00:14:54]} {[%emt 00:00:06]} 52. Qc8 {[%clk 00:14:01]}
{[%emt 00:01:28]} g4 {[%clk 00:13:46]} {[%emt 00:01:37]} 53. Qh8+ {[%clk
00:12:54]} {[%emt 00:01:38]} Kg5 {[%clk 00:13:59]} {[%emt 00:00:16]} 54. Qg7+
{[%clk 00:13:14]} {[%emt 00:00:11]} Kh4 {[%clk 00:13:20]} {[%emt 00:01:08]} 55.
Qa7 {[%clk 00:13:41]} {[%emt 00:00:04]} Nxd3 {[%clk 00:12:50]} {[%emt
00:01:00]} 56. cxd3 {[%clk 00:14:08]} {[%emt 00:00:03]} Qg3+ {[%clk 00:13:10]}
{[%emt 00:00:09]} 57. Kh1 {[%clk 00:14:18]} {[%emt 00:00:21]} Kh3 {[%clk
00:13:09]} {[%emt 00:00:31]} 0-1

[Event "European Chess Club Cup 2023"]
[Site "Durres, Albania"]
[Date "2023.10.05"]
[Round "5.16"]
[White "Kryvoruchko, Yuriy"]
[Black "Razafindratsima, Timothe"]
[Result "1/2-1/2"]
[TimeControl "90' + 30' & 30\""]
[WhiteElo "2656"]
[BlackElo "2459"]

1. Nf3 {[%clk 01:30:56]} {[%emt 00:00:03]} c5 {[%clk 01:30:51]} {[%emt
00:00:10]} 2. c4 {[%clk 01:31:14]} {[%emt 00:00:12]} Nf6 {[%clk 01:29:39]}
{[%emt 00:01:42]} 3. Nc3 {[%clk 01:31:36]} {[%emt 00:00:08]} e6 {[%clk
01:29:45]} {[%emt 00:00:25]} 4. g3 {[%clk 01:30:03]} {[%emt 00:02:02]} d5
{[%clk 01:29:58]} {[%emt 00:00:17]} 5. cxd5 {[%clk 01:30:17]} {[%emt 00:00:17]}
exd5 {[%clk 01:30:16]} {[%emt 00:00:12]} 6. d4 {[%clk 01:30:41]} {[%emt
00:00:05]} Nc6 {[%clk 01:30:41]} {[%emt 00:00:05]} 7. Bg2 {[%clk 01:30:33]}
{[%emt 00:00:38]} cxd4 {[%clk 01:30:40]} {[%emt 00:00:32]} 8. Nxd4 {[%clk
01:30:57]} {[%emt 00:00:05]} Bc5 {[%clk 01:31:04]} {[%emt 00:00:06]} 9. Nb3
{[%clk 01:30:14]} {[%emt 00:01:13]} Bb6 {[%clk 01:31:26]} {[%emt 00:00:09]} 10.
O-O {[%clk 01:29:41]} {[%emt 00:01:02]} d4 {[%clk 01:31:35]} {[%emt 00:00:22]}
11. Na4 {[%clk 01:29:40]} {[%emt 00:00:31]} O-O {[%clk 01:31:56]} {[%emt
00:00:08]} 12. Nxb6 {[%clk 01:10:11]} {[%emt 00:19:59]} axb6 {[%clk 01:31:44]}
{[%emt 00:00:43]} 13. Bxc6 {[%clk 01:08:53]} {[%emt 00:01:47]} bxc6 {[%clk
01:32:10]} {[%emt 00:00:04]} 14. Qxd4 {[%clk 01:09:17]} Qc7 {[%clk 01:31:47]}
{[%emt 00:00:59]} 15. Bg5 {[%clk 00:58:17]} {[%emt 00:11:29]} c5 {[%clk
01:28:34]} {[%emt 00:03:44]} 16. Qh4 {[%clk 00:55:49]} {[%emt 00:02:58]} Nd5
{[%clk 01:18:01]} {[%emt 00:11:03]} 17. e4 {[%clk 00:40:18]} {[%emt 00:16:01]}
Ra4 {[%clk 01:05:18]} {[%emt 00:13:13]} 18. Rfd1 {[%clk 00:34:27]} {[%emt
00:06:22]} f6 {[%clk 01:00:07]} {[%emt 00:05:40]} 19. Rxd5 {[%clk 00:30:53]}
{[%emt 00:04:04]} fxg5 {[%clk 01:00:31]} {[%emt 00:00:06]} 20. Qxg5 {[%clk
00:30:39]} {[%emt 00:00:44]} Rxe4 {[%clk 00:45:20]} {[%emt 00:15:42]} 21. Rad1
{[%clk 00:27:01]} {[%emt 00:04:08]} h6 {[%clk 00:44:28]} {[%emt 00:01:22]} 22.
Qd2 {[%clk 00:22:08]} {[%emt 00:05:23]} Ree8 {[%clk 00:40:46]} {[%emt
00:04:12]} 23. Qc3 {[%clk 00:19:53]} {[%emt 00:02:44]} Qb7 {[%clk 00:31:58]}
{[%emt 00:09:18]} 24. f3 {[%clk 00:18:09]} {[%emt 00:02:15]} Be6 {[%clk
00:30:42]} {[%emt 00:01:45]} 25. Re5 {[%clk 00:18:22]} {[%emt 00:00:17]} Rxf3
{[%clk 00:16:05]} {[%emt 00:15:07]} 26. Qe1 {[%clk 00:18:48]} {[%emt 00:00:05]}
Qf7 {[%clk 00:16:30]} {[%emt 00:00:04]} 27. Nd2 {[%clk 00:19:09]} {[%emt
00:00:10]} Rf5 {[%clk 00:16:04]} {[%emt 00:00:56]} 28. Re3 {[%clk 00:18:31]}
{[%emt 00:01:08]} Bd7 {[%clk 00:13:18]} {[%emt 00:03:16]} 29. Rxe8+ {[%clk
00:18:15]} {[%emt 00:00:45]} Bxe8 {[%clk 00:13:36]} {[%emt 00:00:12]} 30. Nc4
{[%clk 00:18:31]} {[%emt 00:00:14]} Qxc4 {[%clk 00:12:56]} {[%emt 00:01:11]} 31.
Qxe8+ {[%clk 00:18:55]} {[%emt 00:00:05]} Rf8 {[%clk 00:13:24]} {[%emt
00:00:03]} 32. b3 {[%clk 00:13:52]} {[%emt 00:05:33]} Qc2 {[%clk 00:07:23]}
{[%emt 00:06:31]} 33. Qe6+ {[%clk 00:14:11]} {[%emt 00:00:10]} Kh8 {[%clk
00:07:50]} {[%emt 00:00:03]} 34. Rf1 {[%clk 00:13:54]} {[%emt 00:00:47]} Rxf1+
{[%clk 00:03:59]} {[%emt 00:04:22]} 35. Kxf1 {[%clk 00:14:20]} {[%emt
00:00:03]} Qb1+ {[%clk 00:04:17]} {[%emt 00:00:12]} 36. Qe1 {[%clk 00:14:43]}
{[%emt 00:00:07]} Qxa2 {[%clk 00:04:28]} {[%emt 00:00:19]} 37. Qe8+ {[%clk
00:15:08]} {[%emt 00:00:05]} 1/2-1/2